Hacia un Conpes indígena amazónico. Volumen II : (Registro nro. 8991)

Detalles MARC
000 -CABECERA
Campo de control 01929nam a22002177a 4500
005 - FECHA Y HORA DE LA ULTIMA TRANSACCION
Campo de control 20170302020002.0
008 - ELEMENTOS DE LONGITUD FIJA—INFORMACION GENERAL
Campo de control 150115b2012 ck il. | |||| 00| 0 spa d
040 ## - FUENTE DE CATALOGACIÓN
Agencia catalogadora original CO-BoIAVH
Agencia transcriptora CO-BoIAVH
041 ## - IDIOMA
Código de idioma para texto/pista de sonido o título separado Español
044 ## - PAÍS DE PUBLICACIÓN
País de publicación Colombia
082 ## - NUMERO DE CLASIFICACION DECIMAL DEWEY
Número de clasificación 305.8986
Número del ítem H117
245 00 - MENCION DE TITULO
Título Hacia un Conpes indígena amazónico. Volumen II :
Parte restante del título construyendo una política pública integral para los pueblos indígenas de la Amazonia colombiana /
Mención de responsabilidad coordinación editorial Carlos Gilberto Zárate Botía
260 ## - PUBLICACION, DISTRIBUCION, ETC. (PIE DE IMPRENTA)
Lugar de publicación, distribución, etc. Leticia :
Nombre del editor, distribuidor, etc. Universidad Nacional de Colombia sede Amazonia ,
Fecha de publicación, distribución, etc. c2012.
300 ## - DESCRIPCION FISICA
Extensión 497 p.
Otros detalles físicos il., mapas
505 ## - NOTA DE CONTENIDO
Nota de contenido Volumen II. Primera parte: líneas base situacionales / Marco Tobón Ocampo; José Soria Java -- Los pueblos indígenas del departamento de amazonas -- Tierras y territorios indígenas -- Bienestar y equidad – Prácticas productivas y medio ambiente -- Condiciones humanitarias de los pueblos indígenas en el departamento -- Gobernabilidad, cohesión social y participación -- Segunda parte: consultorías especializadas -- Reflexiones en torno a los proyectos de ley de ordenamiento territorial y los pueblos indígenas / Sonia Uruburu -- Lineamientos para la constitución de entidades territoriales del nivel local / Lina María Hurtado -- Elementos para una política pública sobre pueblos indígenas aislados de la civilización occidental en la amazonia colombiana / Roberto Franco García -- Líneas de base para la formulación de una propuesta de política pública de estado integral para los pueblos indígenas en los departamentos del Vaupés y Guainía / François Correa
650 14 - ASIENTO SECUNDARIO DE MATERIA - TERMINO TEMATICO
Término temático o nombre geográfico como elemento de entrada Política pública
Subdivisión geográfica Amazonas (Región)
-- Colombia
650 14 - ASIENTO SECUNDARIO DE MATERIA - TERMINO TEMATICO
Término temático o nombre geográfico como elemento de entrada Comunidades indígenas
Subdivisión general Aspectos sociales
Subdivisión geográfica Amazonas (Región)
-- Colombia
650 14 - ASIENTO SECUNDARIO DE MATERIA - TERMINO TEMATICO
Término temático o nombre geográfico como elemento de entrada Indígenas del Amazonas
Subdivisión general Situación legal
Subdivisión geográfica Colombia
700 ## - ASIENTO SECUNDARIO - NOMBRE PERSONAL
Nombre personal Zárate-Botía, Carlos Gilberto
Término de relación ed.
942 ## - ELEMENTOS ADICIONALES (KOHA)
Sistema de clasificación Dewey Decimal Classification
Tipo de ítem Libro
Koha issues (borrowed), all copies 1
Existencias
Withdrawn status Lost status Sistema de Clasificación Damaged status No para préstamo Colección Inventariado Ubicación Permanente Ubicación actual Fecha de adquisición Fuente de Valor Valor Total Checkouts Número topográfico Inventario / Código de Barras Date last seen Date checked out Ejemplar Price effective from Forma de adquisición Tipo de material
    Dewey Decimal Classification     General Inventariado 2017 Bogotá Bogotá 15/01/2015 Instituto 39000.00 1 LB-305.8986 H117 038486 31/03/2017 01/03/2017 Ej. 1 15/01/2015   Libro